00625cam a22002177a 4500003000500000005001700005008004100022010001000063011001000073035001000083040000900093082001400102110007900116245004500195260003500240300001100275490003400286650003600320650001700356830003400373CHAP20220817042140.0971013s1974 r 00010 d a36110 a37082 a41201 cCHAP a375bO73Y aOrganización para la Cooperación y el Desarrollo Económicos. París 0aCurrículum y técnicas de educación aBuenos Aires :bMarymar,c1974 a123 p. 0aColección currículumv; 414aEducaciónxPlanes de estudio.14aEnseñanza.0 aColección currículumv; 4